000 00448nam a2200157Ia 4500
008 240729s9999 xx 000 0 und d
022 _a2168-6009
245 0 _aScience of Tsunami Hazards
260 _aUnited States
260 _bTsunami Society International
650 _a Oceanography
650 _aGeography. Anthropology. Recreation
856 _uhttps://doaj.org/toc/a4f06be11f4f4db489dc034c7ae7d692
942 _2ddc
942 _cDOAJEJ
999 _c68892
_d68892
945 _a1
_bMadushi Gamage
_c1
_dMadushi Gamage